[Event "Golden Jubilee Club Championship"]
[Site "Box Hill"]
[Date "2002.04.26"]
[Round "3.52"]
[White "Farrelly, Cathy"]
[Black "Mihalopoulos, Jason"]
[Result "0-1"]
[WhiteElo "751"]
[BlackElo "833"]
[Annotator "hl"]
[PlyCount "94"]
[EventDate "2002.04.12"]

1. d4 Nf6 2. Nc3 d5 3. Bf4 Bd7 4. e3 a6 5. Be2 Nc6 6. Nf3 Bg4 7. O-O Qd7 8. a3
O-O-O 9. Rb1 Qf5 10. Bd3 Qh5 11. Be2 Ne4 12. h3 Bf5 13. Nd2 Qg6 14. Ncxe4 dxe4
15. c3 Bxh3 16. g3 Bxf1 17. Qxf1 e5 18. Qh3+ f5 19. Bh5 Qf6 20. dxe5 Nxe5 21.
Rd1 Nf3+ 22. Bxf3 exf3 23. e4 g6 24. e5 Qb6 25. Bg5 Rd5 26. Bf6 Rg8 27. Qf1
Qxb2 28. Qc4 Qb5 29. Qxb5 Rxb5 30. Nb3 Bxa3 31. Rb1 a5 32. c4 Rb4 33. Be7 Rxb3
34. Rxb3 Bxe7 35. Rxf3 Re8 36. Rd3 Bc5 37. Rd5 b6 38. Kg2 a4 39. f4 a3 40. Rd1
Kb7 41. Ra1 Ra8 42. e6 Kc8 43. Kf3 a2 44. Ke2 Bd4 45. e7 Kd7 46. Rd1 a1=Q 47.
Rxd4+ Qxd4 0-1

[Event "Golden Jubilee Club Championship"]
[Site "Box Hill"]
[Date "2002.04.26"]
[Round "3.54"]
[White "O'Connor, Andrew"]
[Black "Qian, Paul"]
[Result "0-1"]
[WhiteElo "648"]
[BlackElo "816"]
[Annotator "hl"]
[PlyCount "66"]
[EventDate "2002.04.12"]

1. e4 e5 2. Nf3 Nc6 3. Bc4 Nf6 4. Nc3 Bb4 5. d3 d5 6. Bb5 Qe7 7. O-O Bd7 8. Bg5
Bxc3 9. bxc3 a6 10. Bxc6 Bxc6 11. Bxf6 Qxf6 12. c4 d4 13. Rb1 O-O 14. Rb3 b5
15. cxb5 axb5 16. Qa1 Bd7 17. c3 c5 18. cxd4 exd4 19. Rc1 c4 20. dxc4 bxc4 21.
Rxc4 Be6 22. Rc6 Qf4 23. Rb2 Qxe4 24. Rc4 Bxc4 25. Nd2 Qd3 26. Nxc4 Qxc4 27. a3
Rxa3 28. Qb1 Raa8 29. g3 Qc3 30. Rc2 Rab8 31. Qd1 Qb4 32. Rd2 Rfd8 33. f4 Qc3
0-1

[Event "Golden Jubilee Club Championship"]
[Site "Box Hill"]
[Date "2002.04.26"]
[Round "3.55"]
[White "Brice, Ryan"]
[Black "Tham, Christopher"]
[Result "1-0"]
[WhiteElo "813"]
[BlackElo "639"]
[Annotator "hl"]
[PlyCount "61"]
[EventDate "2002.04.12"]

1. e4 Nc6 2. Nf3 e6 3. d4 d5 4. e5 f5 5. Bb5 a6 6. Bd3 Be7 7. Bd2 Nh6 8. h3 O-O
9. Qc1 Nf7 10. c4 Nxd4 11. Nxd4 Nxe5 12. Qc2 Bh4 13. g3 Nf3+ 14. Nxf3 Bf6 15.
Bc3 e5 16. Bxf5 Bxf5 17. Qxf5 d4 18. Bb4 Be7 19. Qe6+ Kh8 20. Nbd2 Bxb4 21.
O-O-O e4 22. Qxe4 Re8 23. Qd3 b5 24. a3 bxc4 25. Nxc4 a5 26. Nfe5 Rc8 27. Nf7+
Kg8 28. Nxd8 Rcxd8 29. axb4 a4 30. Qa3 c5 31. Kb1 1-0

[Event "Golden Jubilee Club Championship"]
[Site "Box Hill"]
[Date "2002.04.26"]
[Round "3.56"]
[White "Gray, Alan"]
[Black "Vijayakumar, Rengan"]
[Result "1-0"]
[WhiteElo "631"]
[BlackElo "808"]
[Annotator "hl"]
[PlyCount "103"]
[EventDate "2002.04.12"]

1. e4 e5 2. Nf3 Nc6 3. Bc4 Nf6 4. d3 Bc5 5. c3 d5 6. exd5 Nxd5 7. Qa4 Qd6 8.
Nbd2 a6 9. a3 b5 10. Bxb5 Bd7 11. Bc4 Nd4 12. Qd1 Nxf3+ 13. Qxf3 c6 14. Ne4 Qe6
15. Nxc5 Qd6 16. Nxd7 Qxd7 17. O-O O-O 18. Re1 Rfe8 19. Qg3 f6 20. Bd2 Kh8 21.
Bb3 Rab8 22. Bc2 Rxb2 23. Rec1 Nf4 24. Bxf4 exf4 25. Qxf4 Re2 26. Ba4 Rxf2 27.
Qxf2 Rxf2 28. Kxf2 Qxd3 29. Rd1 Qf5+ 30. Kg1 g6 31. Bxc6 Qc5+ 32. Kh1 Qxc6 33.
Rac1 Qc5 34. a4 Qa3 35. Re1 Qxa4 36. Re6 Kg7 37. Re7+ Kh6 38. c4 Qa3 39. Ree1
Qb4 40. Re2 Qc5 41. Rec2 a5 42. Rb1 Qe5 43. c5 Qc7 44. c6 a4 45. Ra1 Qe5 46.
Rac1 a3 47. c7 a2 48. c8=Q a1=Q 49. Rxa1 Qxa1+ 50. Rc1 Qe5 51. Qc6 Qe3 52. Rf1
1-0

[Event "Golden Jubilee Club Championship"]
[Site "Box Hill"]
[Date "2002.04.26"]
[Round "3.57"]
[White "Leung, James"]
[Black "Lauder, Natasha"]
[Result "0-1"]
[WhiteElo "501"]
[BlackElo "780"]
[Annotator "hl"]
[PlyCount "38"]
[EventDate "2002.04.12"]

1. e4 e5 2. Nf3 Nc6 3. Nc3 Nf6 4. Bc4 d6 5. d4 Bg4 6. Be3 Bxf3 7. gxf3 Be7 8.
d5 Na5 9. Qe2 Nxc4 10. Qxc4 Nd7 11. Qe2 Bg5 12. Rg1 Bxe3 13. fxe3 Rg8 14. O-O-O
Nc5 15. Nb1 a5 16. a4 Qd7 17. b3 f5 18. exf5 Qxf5 19. e4 Qf7 {Scoresheet errors
} 0-1

[Event "Golden Jubilee Club Championship"]
[Site "Box Hill"]
[Date "2002.04.26"]
[Round "3.58"]
[White "Devoy, Sean"]
[Black "Yu, Sally"]
[Result "1-0"]
[WhiteElo "775"]
[BlackElo "127"]
[Annotator "tc"]
[PlyCount "53"]
[EventDate "2002.04.12"]

1. e4 e5 2. Nf3 Nc6 3. d4 Nf6 4. dxe5 Nxe4 5. Qd3 Nc5 6. Qd5 Nb4 7. Qc4 Nc6 8.
Ng5 Qe7 9. Bf4 Na5 10. Qd5 c6 11. Qd2 Nc4 12. Bxc4 d5 13. Be2 h6 14. Nh3 Bxh3
15. gxh3 Ne4 16. Qe3 Qb4+ 17. c3 Qxb2 18. O-O Qxa1 19. a3 Bc5 20. Qf3 Ng5 21.
Bxg5 hxg5 22. Nd2 Qxa3 23. Qf5 Qxc3 24. Nf3 Qb2 25. Nxg5 Qxe2 26. Qxf7+ Kd8 27.
Ne6+ 1-0

[Event "Golden Jubilee Club Championship"]
[Site "Box Hill"]
[Date "2002.04.30"]
[Round "4.1"]
[White "Johansen, Darryl K"]
[Black "Bourmistrov, Denis"]
[Result "0-1"]
[WhiteElo "2515"]
[BlackElo "1962"]
[Annotator "jp"]
[PlyCount "92"]
[EventDate "2002.04.12"]

1. Nf3 g6 2. c4 Bg7 3. Nc3 e5 4. g3 d6 5. Bg2 Nc6 6. Rb1 a5 7. a3 f5 8. d3 Nf6
9. O-O O-O 10. b4 axb4 11. axb4 Qe8 12. b5 Nd8 13. Ne1 Ne6 14. Nc2 g5 15. Ne3
Qg6 16. Ned5 Rf7 17. Bb2 Nd7 18. Ra1 Rb8 19. e3 Ndc5 20. Na4 f4 21. Nxc5 Nxc5
22. Ra3 Qf5 23. exf4 gxf4 24. d4 Ne6 25. dxe5 dxe5 26. h4 c6 27. g4 Qg6 28. Nb6
e4 29. Bxg7 Nxg7 30. f3 e3 31. Qd8+ Rf8 32. Qc7 Be6 33. bxc6 bxc6 34. Qxc6 Qc2
35. Ra7 e2 36. Rxg7+ Kxg7 37. Qxe6 exf1=Q+ 38. Bxf1 Qb2 39. Qe7+ Rf7 40. Qg5+
Kh8 41. c5 Qd4+ 42. Kg2 Qd2+ 43. Kh1 Qe1 44. Kg1 Qg3+ 45. Kh1 Re8 46. Nd5 Qf2
0-1

[Event "Golden Jubilee Club Championship"]
[Site "Box Hill"]
[Date "2002.04.30"]
[Round "4.2"]
[White "Rujevic, Mirko"]
[Black "Gluzman, Michael"]
[Result "0-1"]
[WhiteElo "2237"]
[BlackElo "2386"]
[Annotator "jp"]
[PlyCount "92"]
[EventDate "2002.04.12"]

1. e4 c6 2. Nc3 d5 3. d4 dxe4 4. Nxe4 Bf5 5. Ng3 Bg6 6. Nf3 Nf6 7. Bd3 e6 8.
O-O Nbd7 9. Re1 Qc7 10. Ng5 Nb6 11. a4 O-O-O 12. a5 Nbd5 13. a6 b6 14. c3 Bd6
15. Qf3 Bxd3 16. Qxd3 h6 17. N5e4 Nxe4 18. Qxe4 g5 19. c4 Nf4 20. Bxf4 gxf4 21.
Nh5 Rhg8 22. c5 bxc5 23. dxc5 Bxc5 24. Rec1 Rg5 25. Qf3 Rd2 26. Rf1 Qd6 27.
Nxf4 Rd4 28. Ne2 Rd2 29. Ng3 f5 30. Rac1 Kc7 31. Kh1 Rg4 32. Rcd1 Rxd1 33. Rxd1
Rd4 34. Re1 Rd3 35. Nxf5 exf5 36. Qxf5 Rd1 37. Qf7+ Qd7 38. Qxd7+ Rxd7 39. f4
Rd2 40. b3 Rb2 41. g4 Rxb3 42. Re6 Rb4 43. Rxh6 Rxf4 44. Rg6 Bd4 45. h4 c5 46.
h5 c4 0-1

[Event "Golden Jubilee Club Championship"]
[Site "Box Hill"]
[Date "2002.05.03"]
[Round "4.3"]
[White "Wastney, Scott"]
[Black "Jager, Jesse"]
[Result "1/2-1/2"]
[WhiteElo "2248"]
[BlackElo "1531"]
[Annotator "jp"]
[PlyCount "128"]
[EventDate "2002.04.12"]

1. Nf3 Nf6 2. c4 c5 3. g3 Nc6 4. Bg2 d5 5. cxd5 Nxd5 6. O-O e6 7. Nc3 Be7 8.
Nxd5 exd5 9. d4 O-O 10. dxc5 Bxc5 11. Bg5 f6 12. Bf4 Re8 13. Rc1 Bb6 14. Ne1
Be6 15. Nd3 Qe7 16. Re1 Rad8 17. h3 Bf5 18. a3 Nd4 19. Kf1 Be4 20. f3 Bg6 21.
b4 Ne6 22. Bd2 Ng5 23. Nc5 Ne6 24. Nxe6 Qxe6 25. Qb3 Qe5 26. Bf4 Qd4 27. e3
Qd3+ 28. Qxd3 Bxd3+ 29. Kf2 Re7 30. h4 g6 31. Bf1 Bxf1 32. Kxf1 Rde8 33. Kf2 d4
34. e4 Rd7 35. Ke2 d3+ 36. Kd2 Bd4 37. Be3 Bb2 38. Rb1 Bxa3 39. Rb3 Rc8 40. Bc5
b6 41. Rxa3 bxc5 42. bxc5 Rxc5 43. Rxd3 Rxd3+ 44. Kxd3 Ra5 45. Kd4 Ra3 46. Rf1
a5 47. g4 a4 48. g5 Kf7 49. Rc1 Rxf3 50. Rc7+ Ke6 51. Rxh7 fxg5 52. hxg5 Rf7
53. Rh3 Rd7+ 54. Kc4 Ra7 55. Ra3 Ke5 56. Kd3 Ra5 57. Ke3 Kd6 58. Kd4 Ke6 59.
Kd3 Ra6 60. Kd4 Ra5 61. Kd3 Ke5 62. Ke3 Ra6 63. Kf3 Ra7 64. Ke3 Ra6 1/2-1/2

[Event "Golden Jubilee Club Championship"]
[Site "Box Hill"]
[Date "2002.05.03"]
[Round "4.4"]
[White "Nemeth, Janos"]
[Black "Woodhams, Michael V"]
[Result "0-1"]
[WhiteElo "1918"]
[BlackElo "2083"]
[Annotator "jd"]
[PlyCount "120"]
[EventDate "2002.04.12"]

1. e4 c5 2. Nf3 Nc6 3. d4 cxd4 4. Nxd4 e6 5. Be3 a6 6. Bd3 Qc7 7. O-O Nf6 8. c3
Ne5 9. f4 Nxd3 10. Qxd3 b5 11. Nd2 Bb7 12. Rac1 Be7 13. c4 b4 14. e5 Ng4 15.
Ne4 f5 16. Nf2 h5 17. c5 Nxe3 18. Qxe3 Bd5 19. Nd3 Qb7 20. Rf2 h4 21. Rfc2 Rc8
22. Qd2 a5 23. a3 b3 24. Rc3 g5 25. fxg5 Rg8 26. Nf4 Bxg5 27. g3 Kf7 28. Re1
hxg3 29. Rxg3 Bxf4 30. Qxf4 Rxg3+ 31. hxg3 Rg8 32. Kf2 Qc8 33. Rg1 Rg4 34. Qe3
Qxc5 35. Rd1 Kg6 36. Rd3 Re4 37. Qd2 Rxe5 38. Re3 Re4 39. Rxe4 Bxe4 40. Ke2 e5
41. Nf3 Bxf3+ 42. Kxf3 e4+ 43. Ke2 d5 44. Qf4 Qc2+ 45. Kf1 Qb1+ 46. Kg2 Qxb2+
47. Kh3 Qh8+ 48. Kg2 b2 49. g4 Qf6 50. gxf5+ Qxf5 51. Qb8 Qf3+ 52. Kh2 Qf2+ 53.
Kh3 Qf1+ 54. Kg4 b1=Q 55. Qg8+ Kf6 56. Qf8+ Ke5 57. Qe7+ Kd4 58. Qd7 Ke3 59.
Qa7+ Kd3 60. Qa6+ Ke3 0-1

[Event "Golden Jubilee Club Championship"]
[Site "Box Hill"]
[Date "2002.05.03"]
[Round "4.5"]
[White "Low, Samuel"]
[Black "Kempen, Leon"]
[Result "0-1"]
[WhiteElo "2025"]
[BlackElo "1995"]
[Annotator "jd"]
[PlyCount "100"]
[EventDate "2002.04.12"]

1. e4 e6 2. d4 d5 3. Nc3 Bb4 4. e5 c5 5. a3 Bxc3+ 6. bxc3 Qc7 7. Nf3 Ne7 8. Be2
Nbc6 9. O-O h6 10. a4 Bd7 11. Ba3 b6 12. dxc5 Nxe5 13. cxb6 Nxf3+ 14. Bxf3 axb6
15. Bxe7 Kxe7 16. Qd4 Rac8 17. Qxg7 Qxc3 18. Qxc3 Rxc3 19. Rfb1 Rhc8 20. Rxb6
Rxc2 21. Rbb1 Ra8 22. Rb4 Ra5 23. Kf1 Rc4 24. Rxc4 dxc4 25. Be2 c3 26. Rc1 Rxa4
27. f3 Ra3 28. Bd3 Kd6 29. Kf2 Kc5 30. Ke3 f5 31. g4 f4+ 32. Kxf4 Kd4 33. Be4
e5+ 34. Kg3 Ke3 35. h4 Kd2 36. Rh1 Bb5 37. Rh2+ Ke3 38. h5 Bd3 39. g5 Bxe4 40.
fxe4 hxg5 41. h6 Kxe4 42. Kg4 Ra8 43. Re2+ Kd4 44. Kxg5 e4 45. Rf2 Rg8+ 46. Kh5
Kd3 47. Rf7 Rd8 48. h7 c2 49. Rf1 e3 50. Kg6 Ke2 0-1

[Event "Golden Jubilee Club Championship"]
[Site "Box Hill"]
[Date "2002.05.03"]
[Round "4.7"]
[White "Dizdarevic, Mehmedalija"]
[Black "Jenkins, Keith"]
[Result "1-0"]
[WhiteElo "1927"]
[BlackElo "1694"]
[Annotator "jd"]
[PlyCount "84"]
[EventDate "2002.04.12"]

1. e4 e6 2. d4 d5 3. Nc3 Bb4 4. e5 c5 5. a3 Bxc3+ 6. bxc3 Qc7 7. Qg4 Ne7 8.
Qxg7 Rg8 9. Qxh7 cxd4 10. Ne2 Nbc6 11. f4 Bd7 12. Rb1 O-O-O 13. Qd3 dxc3 14.
Qxc3 d4 15. Qd3 Be8 16. Bd2 a6 17. Rg1 Nd5 18. g3 Ne3 19. Bxe3 dxe3 20. Qxe3
Qa5+ 21. Kf2 Rd2 22. c3 Ra2 23. Bg2 Nd8 24. Rgd1 Bc6 25. Bf3 Bxf3 26. Kxf3 Nc6
27. Rd6 Rd8 28. Rxd8+ Qxd8 29. h4 Qd5+ 30. Kg4 f6 31. Qb6 Nd8 32. Nd4 f5+ 33.
Kg5 Rg2 34. Kf6 Rxg3 35. Nxe6 Qxe6+ 36. Qxe6+ Nxe6 37. Kxe6 Rh3 38. Kxf5 Rxh4
39. e6 b5 40. Rd1 Rh5+ 41. Kf6 Rh6+ 42. Ke5 Rh3 1-0

[Event "Golden Jubilee Club Championship"]
[Site "Box Hill"]
[Date "2002.05.03"]
[Round "4.8"]
[White "Lindberg, Douglas"]
[Black "Raine, Marcus"]
[Result "0-1"]
[WhiteElo "1631"]
[BlackElo "1927"]
[Annotator "jd"]
[PlyCount "102"]
[EventDate "2002.04.12"]

1. d4 Nf6 2. c4 e6 3. Nc3 Bb4 4. Qc2 Nc6 5. Nf3 d6 6. e4 Bxc3+ 7. bxc3 O-O 8.
Be2 Re8 9. O-O e5 10. d5 Ne7 11. Bg5 Ng6 12. Nd2 h6 13. Be3 b6 14. h3 Rf8 15.
Rae1 Bd7 16. f4 Nxf4 17. Bxf4 exf4 18. Rxf4 Be8 19. Qd3 Nd7 20. Qg3 Qg5 21.
Qxg5 hxg5 22. Rf5 f6 23. Nb3 Bg6 24. Rf2 Rae8 25. Bd3 Ne5 26. Bf1 Nd7 27. Rfe2
a5 28. a4 Rb8 29. Nd4 Nc5 30. g4 Nxa4 31. Ne6 Rfc8 32. Re3 Ra8 33. Ra1 Be8 34.
Nd4 Nc5 35. Nb5 Bg6 36. Bg2 Kf7 37. Kf2 Ke7 38. Re2 Kd7 39. Nd4 Re8 40. Nf5
Bxf5 41. gxf5 Nd3+ 42. Ke3 Nf4 43. Rea2 Rh8 44. Rh1 Rh4 45. Bf1 Rah8 46. Rah2
Ke7 47. Kf3 Kf7 48. Kg3 g6 49. fxg6+ Kxg6 50. Be2 Nxe2+ 51. Rxe2 g4 0-1

[Event "Golden Jubilee Club Championship"]
[Site "Box Hill"]
[Date "2002.05.03"]
[Round "4.9"]
[White "Liston, Howard"]
[Black "Pecori, Ascaro"]
[Result "0-1"]
[WhiteElo "1619"]
[BlackElo "1926"]
[Annotator "jd"]
[PlyCount "84"]
[EventDate "2002.04.12"]

1. e4 c5 2. Nf3 a6 3. d4 cxd4 4. Nxd4 e6 5. Bd3 Nf6 6. O-O d6 7. Nc3 Be7 8. Be3
Nc6 9. a4 Qc7 10. Nxc6 bxc6 11. f4 O-O 12. Kh1 Nd7 13. Qg4 e5 14. f5 Nf6 15.
Qf3 Bb7 16. g4 d5 17. g5 Nxe4 18. Bxe4 dxe4 19. Nxe4 f6 20. gxf6 Bxf6 21. Bc5
Be7 22. Qb3+ Kh8 23. Rad1 Rae8 24. Kg1 Bc8 25. Nd6 Bxd6 26. Bxd6 Qa7+ 27. Kg2
Rxf5 28. Rxf5 Bxf5 29. Bxe5 Be4+ 30. Kg3 Qe7 31. Bf4 h6 32. Qc3 Kh7 33. Qd2 Bd5
34. Qd3+ Be4 35. Qd2 Qf6 36. Qd7 Re7 37. Qd6 Re6 38. Qd7 Qg6+ 39. Kf2 Qg2+ 40.
Ke3 Qf3+ 41. Kd2 Qxf4+ 42. Kc3 Qe5+ 0-1

[Event "Golden Jubilee Club Championship"]
[Site "Box Hill"]
[Date "2002.05.03"]
[Round "4.10"]
[White "Flude, David A"]
[Black "Lawson, Shane"]
[Result "0-1"]
[WhiteElo "1746"]
[BlackElo "1611"]
[Annotator "jd"]
[PlyCount "50"]
[EventDate "2002.04.12"]

1. d4 d5 2. Nc3 Nf6 3. e4 Nxe4 4. Nxe4 dxe4 5. Bf4 Bf5 6. c3 e6 7. Qb3 Qc8 8.
Bb5+ c6 9. Be2 Nd7 10. g4 Bg6 11. h4 h5 12. g5 Nb6 13. Nh3 Qd7 14. Be3 Bf5 15.
Nf4 g6 16. c4 Bg7 17. d5 exd5 18. cxd5 Nxd5 19. Nxd5 Be6 20. Nf6+ Bxf6 21. Qb4
Bg7 22. Rd1 Bd5 23. Bf1 a5 24. Qa3 Bf8 25. Qc3 Bb4 0-1

[Event "Golden Jubilee Club Championship"]
[Site "Box Hill"]
[Date "2002.05.03"]
[Round "4.11"]
[White "Small, David H"]
[Black "Umber, George"]
[Result "1/2-1/2"]
[WhiteElo "1994"]
[BlackElo "1550"]
[Annotator "jd"]
[PlyCount "53"]
[EventDate "2002.04.12"]

1. c4 Nf6 2. g3 g6 3. Bg2 Bg7 4. Nc3 d6 5. Nf3 O-O 6. O-O e5 7. d3 Na6 8. Rb1
c6 9. b4 Nc7 10. b5 cxb5 11. Nxb5 Nxb5 12. Rxb5 Rb8 13. Bg5 Bd7 14. Rb4 Bc6 15.
Qb3 Re8 16. Ne1 Bxg2 17. Nxg2 b6 18. Ne3 h6 19. Bxf6 Bxf6 20. Nd5 Bg7 21. a4 e4
22. e3 exd3 23. Qxd3 Rc8 24. Rd1 Rc6 25. e4 Qc8 26. Ne3 Qe6 27. f3 1/2-1/2

[Event "Golden Jubilee Club Championship"]
[Site "Box Hill"]
[Date "2002.05.03"]
[Round "4.12"]
[White "Voon, Richard"]
[Black "Zivanovic, Andjelija"]
[Result "1-0"]
[WhiteElo "1852"]
[BlackElo "1698"]
[Annotator "jd"]
[PlyCount "93"]
[EventDate "2002.04.12"]

1. e4 c5 2. Nf3 Nc6 3. d4 cxd4 4. Nxd4 g6 5. Nc3 Bg7 6. Be3 Nf6 7. Bc4 O-O 8.
f3 Qb6 9. Bb3 Ng4 10. fxg4 Bxd4 11. Nd5 Qa5+ 12. c3 Bxe3 13. Nxe3 Qg5 14. Qe2
d6 15. O-O Ne5 16. h3 Bd7 17. Nd5 Rac8 18. Rae1 Bc6 19. Nf4 a6 20. Rf2 b5 21.
Qd2 Nc4 22. Qc1 Qe5 23. Nd3 Qg7 24. Qf4 a5 25. e5 dxe5 26. Nxe5 Nxe5 27. Rxe5
e6 28. a3 Rfd8 29. g5 Rd7 30. Rc5 Qf8 31. Qe5 Qd6 32. Qe3 a4 33. Bc2 Rcd8 34.
Re5 Bd5 35. Rd2 Qe7 36. Rd4 Bc4 37. Ree4 Bd5 38. Rh4 Qc5 39. Qe5 Qd6 40. Qe3
Qc5 41. Kf2 Qc6 42. Rhg4 Qc5 43. Bd3 Qb6 44. Be2 Qc6 45. Bd3 Qb6 46. Bf1 Qc6
47. Rh4 1-0

[Event "Golden Jubilee Club Championship"]
[Site "Box Hill"]
[Date "2002.05.03"]
[Round "4.13"]
[White "Bourmistrov, Alex"]
[Black "Dragicevic, Domagoj"]
[Result "0-1"]
[WhiteElo "1476"]
[BlackElo "1840"]
[Annotator "jd"]
[PlyCount "38"]
[EventDate "2002.04.12"]

1. d4 b6 2. c4 Bb7 3. Nc3 e6 4. e4 Bb4 5. Bd3 d5 6. cxd5 exd5 7. Qg4 Nf6 8.
Qxg7 Rg8 9. Qh6 dxe4 10. Bb5+ c6 11. Bg5 Rg6 12. Bxf6 Qxf6 13. Bxc6+ Nxc6 14.
Qe3 Qxd4 15. Qxd4 Nxd4 16. O-O-O O-O-O 17. Nge2 Nxe2+ 18. Nxe2 Rxd1+ 19. Rxd1
Rxg2 0-1

[Event "Golden Jubilee Club Championship"]
[Site "Box Hill"]
[Date "2002.05.03"]
[Round "4.14"]
[White "Kildisas, Victor E"]
[Black "Chmiel, Rad"]
[Result "1/2-1/2"]
[WhiteElo "1814"]
[BlackElo "1682"]
[Annotator "jd"]
[PlyCount "109"]
[EventDate "2002.04.12"]

1. e4 c5 2. Nf3 d6 3. d4 cxd4 4. Nxd4 Nf6 5. Nc3 a6 6. Be2 e6 7. Be3 Be7 8. O-O
Nc6 9. Qd2 O-O 10. a4 Qc7 11. Nxc6 bxc6 12. a5 Rb8 13. Bb6 Qb7 14. Bf3 Nd7 15.
Na4 Ne5 16. Be2 c5 17. f4 Nc6 18. c3 Bd7 19. b4 cxb4 20. cxb4 Na7 21. Rfc1 Rfc8
22. e5 Bxa4 23. Rxa4 Rxc1+ 24. Qxc1 dxe5 25. fxe5 Qd7 26. Ra1 Nc6 27. Bxa6 Nxb4
28. Qc4 Nxa6 29. Qxa6 Qd5 30. Re1 Bb4 31. Rf1 Ra8 32. Qe2 Bxa5 33. Bxa5 Rxa5
34. Qf2 Qc5 35. Qxc5 Rxc5 36. Ra1 h5 37. Re1 Rc2 38. Re4 Kh7 39. Rh4 Kg6 40. g4
Kg5 41. Rxh5+ Kxg4 42. Rh7 Kf3 43. Rh3+ Kf4 44. Rh7 f5 45. Rxg7 Kxe5 46. h4 Kf6
47. Rg3 f4 48. Rh3 e5 49. h5 Kg7 50. h6+ Kh7 51. Rh5 Re2 52. Kf1 Re3 53. Kf2 e4
54. Rh4 Rf3+ 55. Ke2 1/2-1/2

[Event "Golden Jubilee Club Championship"]
[Site "Box Hill"]
[Date "2002.05.03"]
[Round "4.15"]
[White "Miller, Anthony"]
[Black "Waller, A (Tony)"]
[Result "1/2-1/2"]
[WhiteElo "1499"]
[BlackElo "1754"]
[Annotator "jd"]
[PlyCount "115"]
[EventDate "2002.04.12"]

1. e4 c5 2. Nf3 Nc6 3. d4 cxd4 4. Nxd4 Nf6 5. Nc3 d6 6. Be2 e5 7. Nxc6 bxc6 8.
O-O Be7 9. Bg5 O-O 10. Qd2 Qc7 11. Bd3 Bb7 12. Ne2 d5 13. f3 Bc5+ 14. Kh1 Nd7
15. Ng3 f6 16. Be3 d4 17. Bf2 Nb6 18. Be1 a5 19. a3 Bc8 20. Qe2 Be6 21. Bd2 a4
22. f4 Bd6 23. f5 Bf7 24. Nh5 Kh8 25. Qg4 Bxh5 26. Qxh5 Qf7 27. Qe2 c5 28. c4
dxc3 29. Bxc3 c4 30. Bc2 Bc5 31. Rab1 Rfd8 32. Rfd1 Qe7 33. Rxd8+ Rxd8 34. Ba5
Qa7 35. Bxb6 Qxb6 36. Qxc4 Rd4 37. Qe2 Qc6 38. Rd1 Qd6 39. Bxa4 Rxd1+ 40. Qxd1
Qxd1+ 41. Bxd1 Bd4 42. b4 Kg8 43. g4 Kf8 44. Kg2 Ke7 45. Kf1 Kd6 46. a4 Bc3 47.
b5 Kc5 48. Ke2 Kb6 49. Kd3 Bd4 50. Kc4 Be3 51. Kd5 g6 52. Ke6 gxf5 53. gxf5 Bg5
54. Kd6 Bh4 55. Bb3 Bg5 56. h3 h5 57. Bd1 h4 58. Ke6 1/2-1/2

[Event "Golden Jubilee Club Championship"]
[Site "Box Hill"]
[Date "2002.05.03"]
[Round "4.16"]
[White "Stojic, Dusan"]
[Black "Faber, Karl-Heinz"]
[Result "1-0"]
[WhiteElo "1587"]
[BlackElo "1783"]
[Annotator "jd"]
[PlyCount "61"]
[EventDate "2002.04.12"]

1. e4 e5 2. Nf3 Nc6 3. Bb5 d6 4. d4 exd4 5. Nxd4 Bd7 6. Bxc6 Bxc6 7. Nxc6 bxc6
8. O-O Ne7 9. b3 Ng6 10. Bb2 f6 11. f4 Be7 12. f5 Ne5 13. Bxe5 fxe5 14. Qh5+
Kf8 15. Nc3 Bf6 16. Rad1 Qe8 17. Qe2 Qd7 18. Qc4 Ke7 19. a4 Bg5 20. Rf3 Rab8
21. Qa6 Ra8 22. Na2 Rhb8 23. a5 c5 24. Nc3 c6 25. Rfd3 Rb4 26. Na4 Rd4 27. Nb6
axb6 28. Qxa8 Rxe4 29. axb6 Qxf5 30. Qa7+ Qd7 31. Rxd6 1-0

[Event "Golden Jubilee Club Championship"]
[Site "Box Hill"]
[Date "2002.05.03"]
[Round "4.17"]
[White "Suderson, Sunilson"]
[Black "Meydan, Arie"]
[Result "1/2-1/2"]
[WhiteElo "1558"]
[BlackElo "1773"]
[Annotator "jd"]
[PlyCount "107"]
[EventDate "2002.04.12"]

1. e4 e6 2. d4 d5 3. Nc3 Nf6 4. e5 Nfd7 5. f4 c5 6. Nf3 Nc6 7. Be3 Qb6 8. Na4
Qa5+ 9. c3 cxd4 10. b4 Nxb4 11. cxb4 Bxb4+ 12. Bd2 b5 13. Nb2 Bc3 14. Nxd4 b4
15. Bxc3 bxc3 16. Nb3 Qb4 17. Nd3 Qe4+ 18. Qe2 f5 19. exf6 Nxf6 20. Ndc5 Qxf4
21. g3 Qd6 22. Bg2 O-O 23. O-O Rb8 24. Qe3 Ng4 25. Rxf8+ Qxf8 26. Qf4 Qxf4 27.
gxf4 Rb4 28. f5 Kf7 29. Rf1 Nf6 30. Rc1 Rc4 31. fxe6+ Bxe6 32. Nd3 Ke7 33. Ne5
Rc7 34. Nd4 Ne4 35. Nb5 Rc5 36. Nxa7 Nd6 37. Nac6+ Kf6 38. Rf1+ Nf5 39. Bh3 g6
40. Ng4+ Kg5 41. Nce5 Nh4 42. Nd3 Rc4 43. Ngf2 Bxh3 44. Nxh3+ Kh6 45. Rf4 Rxf4
46. Nhxf4 d4 47. a4 Nf5 48. a5 Nd6 49. a6 Nc8 50. Ne6 Na7 51. Nxd4 Kg7 52. Ne2
c2 53. Nd4 c1=Q+ 54. Nxc1 1/2-1/2

[Event "Golden Jubilee Club Championship"]
[Site "Box Hill"]
[Date "2002.05.03"]
[Round "4.18"]
[White "Kable, John R"]
[Black "Lycett, Garry"]
[Result "0-1"]
[WhiteElo "1523"]
[BlackElo "1715"]
[Annotator "jd"]
[PlyCount "58"]
[EventDate "2002.04.12"]

1. e4 c5 2. Nf3 d6 3. b4 cxb4 4. d4 Qc7 5. Bd3 Bg4 6. O-O e6 7. a3 bxa3 8. Nxa3
Nd7 9. Nb5 Qb8 10. c4 Ne7 11. c5 dxc5 12. Qa4 Bxf3 13. gxf3 Nc6 14. d5 Nb6 15.
dxc6 Nxa4 16. c7 Qc8 17. Rxa4 Be7 18. Nxa7 Qxc7 19. Bb5+ Kf8 20. Be3 f6 21.
Rfa1 Kf7 22. f4 Bd6 23. Bc4 Bxf4 24. Nb5 Rxa4 25. Bxe6+ Ke7 26. Rxa4 Qe5 27.
Bd5 Qg5+ 28. Kf1 Bxe3 29. fxe3 Qxe3 0-1

[Event "Golden Jubilee Club Championship"]
[Site "Box Hill"]
[Date "2002.05.03"]
[Round "4.20"]
[White "Lindberg, Eric"]
[Black "Wilson, Norm"]
[Result "1/2-1/2"]
[WhiteElo "1487"]
[BlackElo "1654"]
[Annotator "jd"]
[PlyCount "38"]
[EventDate "2002.04.12"]

1. e4 Nf6 2. Nc3 d5 3. exd5 Nxd5 4. Nxd5 Qxd5 5. Nf3 Nc6 6. g3 Bg4 7. Bg2 Qe4+
8. Kf1 O-O-O 9. d3 Qd5 10. h3 Bh5 11. g4 Bg6 12. Nh4 Qd6 13. Nxg6 hxg6 14. Qf3
Qf6 15. Qxf6 gxf6 16. Bxc6 bxc6 17. Be3 a6 18. Kg2 Bh6 19. Rhe1 Bxe3 1/2-1/2

[Event "Golden Jubilee Club Championship"]
[Site "Box Hill"]
[Date "2002.05.03"]
[Round "4.56"]
[White "Yu, Sally"]
[Black "O'Connor, Andrew"]
[Result "1-0"]
[WhiteElo "127"]
[BlackElo "648"]
[Annotator "jp"]
[PlyCount "49"]
[EventDate "2002.04.12"]

1. e4 e5 2. Nc3 Bb4 3. a3 Bc5 4. b4 Bb6 5. Nf3 Nc6 6. Bc4 d6 7. h3 Nf6 8. d3
O-O 9. Bg5 Be6 10. O-O Bxc4 11. dxc4 Nd4 12. Nd5 Ne6 13. Bxf6 gxf6 14. Qd2 Kh8
15. Qh6 f5 16. Nf6 Qxf6 17. Qxf6+ Ng7 18. Ng5 Kg8 19. a4 Bd4 20. Rac1 Bc3 21.
Rcd1 Bxb4 22. Rd5 Bc5 23. Rb1 b6 24. Qh6 f6 25. Qxh7# 1-0

[Event "Golden Jubilee Club Championship"]
[Site "Box Hill"]
[Date "2002.05.03"]
[Round "4.57"]
[White "Dutka, Janusz"]
[Black "Lee, Michelle"]
[Result "1/2-1/2"]
[WhiteElo "1904"]
[BlackElo "1671"]
[Annotator "jd"]
[PlyCount "77"]
[EventDate "2002.04.12"]

1. e4 c5 2. Nf3 e6 3. d4 cxd4 4. Nxd4 Nc6 5. Nc3 Qc7 6. Be2 a6 7. O-O Nf6 8.
Be3 Be7 9. f4 d6 10. a4 O-O 11. Bf3 Bd7 12. Nb3 Na5 13. Nxa5 Qxa5 14. Qe1 Rfe8
15. Qf2 Bc6 16. g4 Qb4 17. Bd4 e5 18. fxe5 dxe5 19. Be3 Qxb2 20. Nd5 Bxd5 21.
exd5 Rac8 22. Rac1 Qb4 23. g5 Ng4 24. Bxg4 Qxg4+ 25. Qg2 Qxg2+ 26. Kxg2 Rc4 27.
Kf3 Rxa4 28. c4 Rc8 29. c5 Ra3 30. Ke4 Kf8 31. d6 Rxe3+ 32. Kxe3 Bxg5+ 33. Ke4
Bxc1 34. Rxc1 Ke8 35. Kxe5 Kd7 36. Kd5 Re8 37. Rb1 Rb8 38. Re1 Re8 39. Rb1
1/2-1/2